000 00270nam a2200109Ia 4500
008 190216s9999||||xx |||||||||||||| ||und||
100 _aJain Sp And Narag K L
245 0 _aAdvanced Financial Accounting
260 _bKalyani Publisher
_c2003
300 _a580p
942 _cBK
999 _c6261
_d6261